|
|
|
|
| LEADER |
02106nam a2200517 a 4500 |
| 001 |
nkc20102099444 |
| 003 |
CZ PrNK |
| 005 |
20100707121640.0 |
| 007 |
ta |
| 008 |
100427s2010 xr f 000 0 cze |
| 015 |
|
|
|a cnb002099444
|
| 020 |
|
|
|a 978-80-245-1645-5
|q (brož.) :
|c Kč 250,00
|
| 035 |
|
|
|a (OCoLC)641522972
|
| 040 |
|
|
|a OLA001
|b cze
|d BOA001
|
| 043 |
|
|
|a e------
|
| 072 |
|
7 |
|a 338.3/.4
|x Hospodářská a výrobní odvětví
|2 Konspekt
|9 4
|
| 080 |
|
|
|a 338.48
|2 MRF
|
| 080 |
|
|
|a 005.72
|2 MRF
|
| 080 |
|
|
|a 34
|2 MRF
|
| 080 |
|
|
|a (4)
|2 MRF
|
| 080 |
|
|
|a (048.8)
|2 MRF
|
| 100 |
1 |
|
|a Houška, Petr,
|d 1960-
|7 jx20080321004
|4 aut
|
| 245 |
1 |
0 |
|a Cestovní ruch v působnosti orgánů EU :
|b (vybrané dokumenty) /
|c Petr Houška a Zdenka Petrů
|
| 250 |
|
|
|a Vyd. 1.
|
| 260 |
|
|
|a Praha :
|b Oeconomica,
|c 2010
|
| 300 |
|
|
|a 275 s. ;
|c 24 cm
|
| 500 |
|
|
|a Nad názvem: Vysoká škola ekonomická v Praze
|
| 504 |
|
|
|a Obsahuje bibliografické odkazy
|
| 610 |
2 |
7 |
|a Evropská unie
|7 kn20010711086
|2 czenas
|
| 650 |
0 |
7 |
|a cestovní ruch
|7 ph119113
|z země Evropské unie
|2 czenas
|
| 650 |
0 |
7 |
|a institucionální struktura
|7 ph164238
|z země Evropské unie
|2 czenas
|
| 650 |
0 |
7 |
|a právní předpisy
|7 ph124717
|z země Evropské unie
|2 czenas
|
| 650 |
0 |
9 |
|a tourism
|z European Union countries
|2 eczenas
|
| 650 |
0 |
9 |
|a institutional structure
|z European Union countries
|2 eczenas
|
| 650 |
0 |
9 |
|a legal regulations
|z European Union countries
|2 eczenas
|
| 655 |
|
7 |
|a monografie
|7 fd132842
|2 czenas
|
| 655 |
|
9 |
|a monographs
|2 eczenas
|
| 700 |
1 |
|
|a Petrů, Zdenka,
|d 1953-
|7 jx20051128036
|4 aut
|
| 710 |
2 |
|
|a Vysoká škola ekonomická v Praze
|7 kn20010709403
|
| 856 |
4 |
1 |
|u http://www.digitalniknihovna.cz/mzk/uuid/uuid:30045a30-5461-11e4-bc71-005056827e52
|y Digitalizovaný dokument
|x NDK
|
| 910 |
2 |
|
|a BOA001
|b 2-1242.857
|
| 990 |
|
|
|a BK
|
| 995 |
|
|
|a 01
|
| 991 |
|
|
|b 201005
|c NOV
|j 338.48 HOU
|
| 996 |
6 |
|
|b 2610433891
|c 2-1242.857
|l MZK
|r Sklad / do 1 hodiny
|n 5
|p p.v.
|w 001120515
|u 000010
|a 1
|e BOA001
|j MZK50
|s P
|
| 996 |
7 |
|
|b 2610441947
|c 2-1242.857
|l MZK
|r Sklad / do 1 hodiny
|n 27
|p kup
|w 001120515
|u 000020
|a 1
|e BOA001
|j MZK50
|s A
|